000 00269nam a2200109Ia 4500
008 190216s9999||||xx |||||||||||||| ||und||
100 _aDr.Kamal V Imol
245 0 _aHindi-Khayavod Ke Soundarya Sasthreeya Adyayan
260 _bRajkamal
650 _aHindi
942 _cBK
999 _c15244
_d15244